Great expectations (Record no. 30606)

MARC details
000 -LEADER
fixed length control field 00558nam a2200181Ia 4500
020 ## - INTERNATIONAL STANDARD BOOK NUMBER
ISBN 1853260045
050 ## - CALL MARK
Classification number PR 4560 .A1/
100 ## - STATEMENT OF RESPONSIBILITY--MAIN AUTHOR NAME
Personal name Dickens, Charles
245 #0 - TITLE STATEMENT
Title Great expectations
260 ## - PUBLICATION, DISTRIBUTION, ETC. (IMPRINT)
Place of publication Hertfordshire
260 ## - PUBLICATION, DISTRIBUTION, ETC. (IMPRINT)
Name of publisher Wordsworth Editions.
260 ## - PUBLICATION, DISTRIBUTION, ETC. (IMPRINT)
Year of publication 1992
300 ## - PHYSICAL DESCRIPTION
Number of Pages 410 p
650 ## - SUBJECT ADDED ENTRY--TOPICAL TERM
Topical Term Man-woman relationships _ Fiction Ex-convicts _ Fiction Benefactors _ Fiction Young men _ Fiction England _ Fiction Revenge _ Fiction Orphans _ Fiction
942 ## - ADDED ENTRY ELEMENTS (KOHA)
Koha item type Books
Holdings
Withdrawn status Lost status Source of classification or shelving scheme Damaged status Not for loan Permanent Location Current Location Shelving location Date acquired Accession Number Price effective from Koha item type
    Library of Congress Classification     NILE UNIVERSITY OF NIGERIA - MAIN LIBRARY NILE UNIVERSITY OF NIGERIA - MAIN LIBRARY Items on shelf 04/23/2025 0000242 04/23/2025 Books